Energía sin fronteras : (Registro nro. 7910)
[ vista simple ]
| 000 -LEADER | |
|---|---|
| fixed length control field | 01497nam a2200277Ia 4500 |
| 003 - CONTROL NUMBER IDENTIFIER | |
| control field | OSt |
| 005 - DATE AND TIME OF LATEST TRANSACTION | |
| control field | 20210603113501.0 |
| 008 - FIXED-LENGTH DATA ELEMENTS--GENERAL INFORMATION | |
| fixed length control field | 210310s2000 ck adb gr 000 0 spa d |
| 020 ## - INTERNATIONAL STANDARD BOOK NUMBER | |
| International Standard Book Number | 9589669115 |
| 040 ## - CATALOGING SOURCE | |
| Original cataloging agency | CO-JMCR |
| Transcribing agency | CO-JMCR |
| 041 0# - LANGUAGE CODE | |
| Language code of text/sound track or separate title | spa |
| 082 04 - DEWEY DECIMAL CLASSIFICATION NUMBER | |
| Classification number | 333.7932 / |
| Item number | C822e |
| Edition number | 23 |
| 110 2# - MAIN ENTRY--CORPORATE NAME | |
| Corporate name or jurisdiction name as entry element | Corporación Andina de Fomento |
| 9 (RLIN) | 38076 |
| 245 10 - TITLE STATEMENT | |
| Title | Energía sin fronteras : |
| Remainder of title | integración eléctrica suramericana : interconexión de mercados mayoristas / |
| Statement of responsibility, etc. | Corporación Andina de Fomento. |
| 250 ## - EDITION STATEMENT | |
| Edition statement | Primera edición |
| 260 ## - PUBLICATION, DISTRIBUTION, ETC. | |
| Place of publication, distribution, etc. | Bogotá : |
| Name of publisher, distributor, etc. | Corporación Andina de Fomento, |
| Date of publication, distribution, etc. | 2000 |
| 300 ## - PHYSICAL DESCRIPTION | |
| Extent | 196 páginas : |
| Other physical details | ilustraciones, gráficas y mapas a color ; |
| Dimensions | 27 cm. |
| 505 0# - FORMATTED CONTENTS NOTE | |
| Formatted contents note | Objetivos y alcance del estudio -- Análisis de la demanda -- Análisis de la oferta -- Análisis hidrológico -- Análisis del rol y los precios del gas natural -- Análisis de los sistemas aislados e integrados -- Marco institucional regulatorio -- Análisis de las oportunidades de integración -- Beneficio ambiental en el contexto del Convenio de Cambio Climático |
| 650 14 - SUBJECT ADDED ENTRY--TOPICAL TERM | |
| Topical term or geographic name entry element | Energía eléctrica |
| 9 (RLIN) | 15797 |
| Geographic subdivision | América del Sur |
| 650 24 - SUBJECT ADDED ENTRY--TOPICAL TERM | |
| Topical term or geographic name entry element | Producción de energía eléctrica |
| Geographic subdivision | América del Sur |
| 9 (RLIN) | 38077 |
| 650 24 - SUBJECT ADDED ENTRY--TOPICAL TERM | |
| Topical term or geographic name entry element | Sector eléctrico |
| Geographic subdivision | América del Sur |
| 9 (RLIN) | 38078 |
| 650 24 - SUBJECT ADDED ENTRY--TOPICAL TERM | |
| Topical term or geographic name entry element | Distribución de energía eléctrica |
| Geographic subdivision | América del Sur |
| 9 (RLIN) | 38079 |
| 650 24 - SUBJECT ADDED ENTRY--TOPICAL TERM | |
| Topical term or geographic name entry element | Sector energético |
| Geographic subdivision | América del Sur |
| 9 (RLIN) | 38080 |
| 650 24 - SUBJECT ADDED ENTRY--TOPICAL TERM | |
| Topical term or geographic name entry element | Energía eléctrica |
| General subdivision | Aspectos económicos |
| Geographic subdivision | América del Sur |
| 9 (RLIN) | 38081 |
| 942 ## - ADDED ENTRY ELEMENTS (KOHA) | |
| Source of classification or shelving scheme | Dewey Decimal Classification |
| Koha item type | Books |
| Withdrawn status | Lost status | Source of classification or shelving scheme | Damaged status | Not for loan | Collection code | Home library | Current library | Date acquired | Source of acquisition | Full call number | Barcode | Date last seen | Copy number | Koha item type |
|---|---|---|---|---|---|---|---|---|---|---|---|---|---|---|
| Dewey Decimal Classification | Non-fiction | Biblioteca Pública José María del Castillo y Rada | Biblioteca Pública José María del Castillo y Rada | 04/15/2018 | Donación | 333.7932 / C822e | 430003362 | 05/16/2024 | Ej.1 | Books |